书目信息 |
| 题名: |
水利工程制图习题集
|
|
| 作者: | 张永良 主编 | |
| 分册: | ||
| 出版信息: | 北京 中国水利水电出版社 1998 |
|
| 页数: | 104页 | |
| 开本: | 18×26cm | |
| 丛书名: | ||
| 单 册: | ||
| 中图分类: | TV222-44 | |
| 科图分类: | ||
| 主题词: | 水利工程--工程制图--高等学校--习题 | |
| 电子资源: | ||
| ISBN: | 7-80124-653-5 | |
| 000 | 00716nam0 2200241 450 | |
| 001 | 0100690271 | |
| 005 | 20101203161416.0 | |
| 010 | @a7-80124-653-5@dCNY14.7 | |
| 011 | @a7-80124-653-5 | |
| 100 | @a20021005d1998 em y0chiy0110 ea | |
| 101 | 0 | @achi |
| 102 | @aCN@b110000 | |
| 105 | @ay q 000yy | |
| 106 | @ar | |
| 200 | 1 | @a水利工程制图习题集@9Shui Li Gong Cheng Zhi Tu Xi Ti Ji @f张永良主编@b专著 |
| 210 | @a北京@c中国水利水电出版社@d1998 | |
| 215 | @a104页@d18×26cm | |
| 300 | @a高等学校教材 专科适用 | |
| 606 | 0 | @a水利工程@x工程制图@x高等学校@x习题 |
| 690 | @aTV222-44@v3 | |
| 701 | 0 | @a张永良@9zhang yong liang@4主编 |
| 801 | 0 | @aCN@bAiZhiMarc@c19990129 |
| 905 | @aBZT@dTV222-44@e1@f7@sTV222-44/1 | |
| 水利工程制图习题集/张永良主编.-北京:中国水利水电出版社,1998 |
| 104页;18×26cm |
| 高等学校教材 专科适用 |
| ISBN 7-80124-653-5:CNY14.7 |
| ● |
| 相关链接 |
|
|
|
正题名:水利工程制图习题集
索取号:TV222-44/1
 
预约/预借
| 序号 | 登录号 | 条形码 | 馆藏地/架位号 | 状态 | 备注 |
| 1 | 2000054946 | 2000054946 | 旧书回溯/ [索取号:TV222-44/1] | 在馆 | |
| 2 | 2000054973 | 2000054973 | 旧书回溯/ [索取号:TV222-44/1] | 在馆 | |
| 3 | 2000054974 | 2000054974 | 旧书回溯/ [索取号:TV222-44/1] | 在馆 | |
| 4 | 2000054975 | 2000054975 | 旧书回溯/ [索取号:TV222-44/1] | 在馆 | |
| 5 | 2000054976 | 2000054976 | 旧书回溯/ [索取号:TV222-44/1] | 在馆 | |
| 6 | 2000054977 | 2000054977 | 旧书回溯/ [索取号:TV222-44/1] | 在馆 | |
| 7 | 2000054978 | 2000054978 | 旧书回溯/ [索取号:TV222-44/1] | 在馆 |